Les 20 villes les plus peuplées du Guatemala - Statistiques

Statistiques générales
  • Ce quiz a été pris 17 fois
  • Le résultat moyen est 3 sur 20
Statistiques - réponses
Population Villes % Correct
964.823 Guatemala
100%
59.428 Cobán
38%
112.121 Quetzaltenango
38%
48.902 Chimaltenango
23%
28.547 Huehuetenango
23%
218.294 Villa Nueva
23%
61.562 Amatitlán
15%
297.039 Mixco
15%
61.520 Chinautla
8%
44.234 Coatepeque
8%
69.311 Escuintla
8%
46.968 Mazatenango
8%
36.682 Puerto Barrios
8%
27.182 San Benito
8%
37.256 Chiquimula
0%
32.380 Jalapa
0%
39.311 Petapa
0%
35.525 Retalhuleu
0%
26.372 Santa Cruz del Quiché
0%
44.615 Santa Lucía Cotzumalguapa
0%
Aucun quiz correspondant
Distribution des résultats
% des personnes avec chaque résultat
Percentile par nombre de réponses
Votre historique - résultats
Vous n’avez pas pris ce quiz